Bibliografía heráldico-genealógico-nobiliaria de la Biblioteca Nacional : (Record no. 193031)

MARC details
000 -LEADER
campo de control de longitud fija 01810nam a2200481 i 4500
001 - NÚMERO DE CONTROL
campo de control 193031
003 - IDENTIFICADOR DE NÚMERO DE CONTROL
campo de control SpMaBN
005 - FECHA Y HORA DE LA ÚLTIMA TRANSACCIÓN
campo de control 20240707063034.0
007 - CAMPO FIJO DE DESCRIPCIÓN FÍSICA--INFORMACIÓN GENERAL
campo de control de longitud fija ta
008 - DATOS DE LONGITUD FIJA--INFORMACIÓN GENERAL
campo de control de longitud fija 230723s1995 sp | ||||o001 0 spa
016 7# - NÚMERO DE CONTROL DE UNA AGENCIA BIBLIOGRÁFICA NACIONAL
Número de control del registro bimoBNE19950315784
Fuente SpMaBN
017 ## - NÚMERO DE COPYRIGHT O DE DEPÓSITO LEGAL
Número de copyright o de depósito legal M 12486-1995
Agencia que asigna Oficina Depósito Legal Madrid
020 ## - NÚMERO INTERNACIONAL ESTÁNDAR DEL LIBRO
Número Internacional Estándar del Libro 848869914x
024 7# - IDENTIFICADOR DE OTROS ESTÁNDARES
Número estándar o código NIPO 306-95-005-2
Fuente del número o código nipo
035 ## - NÚMERO DE CONTROL DEL SISTEMA
Número de control de sistema (OCoLC)431254177
035 ## - NÚMERO DE CONTROL DEL SISTEMA
Número de control de sistema bimo0000456770
040 ## - FUENTE DE CATALOGACIÓN
Centro catalogador/agencia de origen SpMaBN
Lengua de catalogación spa
Centro/agencia transcriptor SpMaBN
Normas de descripción rdc
Centro/agencia modificador SpMaBN
080 ## - NÚMERO DE LA CLASIFICACIÓN DECIMAL UNIVERSAL
Número de la Clasificación Decimal Universal 017
Identificador de la edición summary
080 ## - NÚMERO DE LA CLASIFICACIÓN DECIMAL UNIVERSAL
Número de la Clasificación Decimal Universal 016:929.5
080 ## - NÚMERO DE LA CLASIFICACIÓN DECIMAL UNIVERSAL
Número de la Clasificación Decimal Universal 016:929.6
080 ## - NÚMERO DE LA CLASIFICACIÓN DECIMAL UNIVERSAL
Número de la Clasificación Decimal Universal 017.1(460.27 M.)
100 0# - ENTRADA PRINCIPAL--NOMBRE DE PERSONA
Nombre de persona García Cubero, Luis
Número de control del registro de autoridad o número normalizado XX909426
9 (RLIN) 54394
245 10 - MENCIÓN DEL TÍTULO
Título Bibliografía heráldico-genealógico-nobiliaria de la Biblioteca Nacional :
Resto del título (impresos) (1959-1994) /
Mención de responsabilidad, etc. por Luis García Cubero ; prólogo de Manuel Carrión Gútiez
260 ## - PUBLICACIÓN, DISTRIBUCIÓN, ETC.
Lugar de publicación, distribución, etc. Madrid :
Nombre del editor, distribuidor, etc. Biblioteca Nacional,
Fecha de publicación, distribución, etc. 1995
300 ## - DESCRIPCIÓN FÍSICA
Extensión 300 p. ;
Dimensiones 25 cm
336 ## - TIPO DE CONTENIDO
Término de tipo de contenido Texto (visual)
Fuente isbdcontent
337 ## - TIPO DE MEDIO
Nombre/término del tipo de medio sin mediación
Fuente isbdmedia
338 ## - TIPO DE SOPORTE
Fuente rdacarrier
Nombre/término del tipo de soporte volumen
500 ## - NOTA GENERAL
Nota general Índice
500 ## - NOTA GENERAL
Nota general Catalogación provisional. Signatura: N 8521. Depósito J.
610 24 - PUNTO DE ACCESO ADICIONAL DE MATERIA--NOMBRE DE ENTIDAD CORPORATIVA
Nombre de entidad corporativa o nombre de jurisdicción como elemento de entrada Biblioteca Nacional (España)-
Subdivisión de forma Catálogos
9 (RLIN) 2189
650 #4 - PUNTO DE ACCESO ADICIONAL DE MATERIA--TÉRMINO DE MATERIA
Término de materia o nombre geográfico como elemento de entrada Heráldica-
Subdivisión de forma Bibliografías
Fuente del encabezamiento o término embne
9 (RLIN) 13313
650 #7 - PUNTO DE ACCESO ADICIONAL DE MATERIA--TÉRMINO DE MATERIA
Término de materia o nombre geográfico como elemento de entrada Genealogía
Subdivisión de forma Bibliografías
Fuente del encabezamiento o término embne
9 (RLIN) 13046
710 2# - ENTRADA AGREGADA--NOMBRE DE ENTIDAD CORPORATIVA
Nombre de entidad corporativa o nombre de jurisdicción como elemento de entrada Biblioteca Nacional (España)
9 (RLIN) 2188
800 ## - PUNTO DE ACCESO ADICIONAL DE SERIE--NOMBRE DE PERSONA
Fuente del encabezamiento o término 0
852 ## - LOCALIZACIÓN
Ubicación ES-MaACL
itemnumber 200336
Sublocalización o colección R.153411
Número de control de estantería N-8521
Ubicación en estantería Depósito J
Donativo/Legado Donación: Biblioteca Nacional de España
Nota libre En proceso
914 ## - NOMBRE ENTIDAD DE DONANTE
Nombre de congreso/reunión o jurisdicción como elemento de entrada Biblioteca Nacional (España)
Unidad subordinada Donante
RLIN 2188
942 ## - ELEMENTOS DE ENTRADA SECUNDARIOS (KOHA)
Suprimir en OPAC No
Tipo de ítem Koha Libro impreso
Holdings
Estatus retirado Estado de pérdida Fuente del sistema de clasificación o colocación Estado de daño No para préstamo Biblioteca de origen Biblioteca actual Ubicación en estantería Fecha de adquisición Fuente de adquisición Total de préstamos Signatura topográfica completa Código de barras Visto por última vez Precio de reemplazo Tipo de ítem Koha
    Clasificación decimal universal     Biblioteca del Ateneo de Madrid Biblioteca del Ateneo de Madrid Depósito J 02/06/2022 Donación   N-8521 101205629 23/07/2023 23/07/2023 Libro impreso